[Event "AUTO-OPEN-3579"]
[Site "http://www.queenalice.com/game.php?id=1456384"]
[Date "2016.12.24"]
[Round "3"]
[White "Troy"]
[Black "chessman"]
[Result "1-0"]
[WhiteElo "2132"]
[BlackElo "1882"]

1. c4 c6 2. b3 d5 3. Bb2 e6 4. g3 Nf6 5. Bg2 Be7 6. Nf3 O-O 7. O-O Re8 8. d3
Nbd7 9. Nbd2 Nf8 10. Qc2 dxc4 11. bxc4 Ng6 12. Rab1 h6 13. Qc3 c5 14. Ba1 Bf8
15. Ne5 Nxe5 16. Qxe5 Bd6 17. Qc3 Rb8 18. Ne4 e5 19. Nxf6+ Qxf6 20. Qa5 a6 21.
Qb6 Bf5 22. Qb2 Rec8 23. Qd2 b5 24. cxb5 axb5 25. Rbc1 Ra8 26. Bxa8 Rxa8 27. f4
Qe6 28. fxe5 Bxe5 29. Bxe5 Qxe5 30. Qf4 Qxf4 31. Rxf4 Be6 32. Rxc5 Rxa2 33. Rxb5
Rxe2 34. Re4 Rd2 35. d4 Bh3 36. Rh4 Rd1+ 37. Kf2 Be6 38. Rb2 Kf8 39. Ke2 Ra1 40.
Rd2 Ra5 41. Kd3 1-0

[Event "AUTO-MASTER-2579"]
[Site "http://www.queenalice.com/game.php?id=1471692"]
[Date "2017.4.3"]
[Round "1"]
[White "Constante"]
[Black "Troy"]
[Result "0-1"]
[WhiteElo "2161"]
[BlackElo "2172"]

1. Nf3 g6 2. d4 Bg7 3. c4 d6 4. Nc3 e5 5. e4 Nc6 6. d5 Nce7 7. Be3 f5 8. h4 Nf6
9. Ng5 h6 10. Ne6 Bxe6 11. dxe6 fxe4 12. g4 c6 13. g5 hxg5 14. Bxg5 d5 15. cxd5
Nexd5 16. Nxe4 Qe7 17. Bh3 Qb4+ 18. Nd2 Ne4 19. a3 Qd4 20. Qe2 Nxg5 21. hxg5 Nf4
22. Qe4 Qxe4+ 23. Nxe4 Rxh3 24. O-O-O Rxh1 25. Rxh1 Nxe6 26. Rd1 Ke7 27. Rh1 Rh8
28. Rd1 Rh5 29. Rg1 Rh4 30. f3 Nd4 31. Rf1 Nxf3 32. Rxf3 Rxe4 33. Rg3 Re2 34.
Rb3 b6 35. Kd1 Rg2 36. Rb4 Rxg5 0-1

[Event "AUTO-MASTER-2579"]
[Site "http://www.queenalice.com/game.php?id=1471693"]
[Date "2017.4.3"]
[Round "1"]
[White "Troy"]
[Black "Constante"]
[Result "1/2-1/2"]
[WhiteElo "2184"]
[BlackElo "2168"]

1. c4 e5 2. g3 Nc6 3. Bg2 g6 4. Nc3 Bg7 5. e4 d6 6. Nge2 f5 7. d3 Nf6 8. O-O Be6
9. f4 Qe7 10. Nd5 Qf7 11. Rb1 O-O 12. b4 Qd7 13. b5 Ne7 14. Nxe7+ Qxe7 15. exf5
Bxf5 16. Bxb7 Rab8 17. Bg2 Nd7 18. Bb2 Nc5 19. d4 Bxb1 20. dxc5 Bxa2 21. cxd6
cxd6 22. Bd5+ Kh8 23. Qa4 exf4 24. Qxa2 Qe3+ 25. Kh1 fxg3 26. Bxg7+ Kxg7 27.
Qb2+ Kh6 28. Nxg3 Rxf1+ 29. Nxf1 Qe1 30. Qd2+ Qxd2 31. Nxd2 Rb6 32. Ne4 a5 33.
bxa6 Rxa6 34. Kg2 Kg7 35. Kg3 h6 36. h4 Ra3+ 37. Kg2 Ra6 38. Kf3 Ra3+ 39. Kf4
1/2-1/2

[Event "AUTO-MASTER-2579"]
[Site "http://www.queenalice.com/game.php?id=1471706"]
[Date "2017.4.3"]
[Round "1"]
[White "kokokinel"]
[Black "Troy"]
[Result "1/2-1/2"]
[WhiteElo "2079"]
[BlackElo "2175"]

1. e4 c5 2. c3 d5 3. exd5 Qxd5 4. d4 Nf6 5. Nf3 Bg4 6. Be2 e6 7. O-O Nc6 8. h3
Bh5 9. Be3 cxd4 10. Nxd4 Bxe2 11. Qxe2 Bc5 12. Rd1 Rd8 13. Na3 Nxd4 14. Bxd4
Bxd4 15. Rxd4 Qa5 16. Rad1 Rxd4 17. Rxd4 Ke7 18. Nb5 Rd8 19. Rxd8 Qxd8 20. Qe5
Qd1+ 21. Kh2 a6 22. Qc7+ Qd7 23. Qc5+ Kd8 24. Qb6+ Kc8 25. Nd6+ Kb8 26. Qc5
1/2-1/2

[Event "AUTO-MASTER-2579"]
[Site "http://www.queenalice.com/game.php?id=1471707"]
[Date "2017.4.3"]
[Round "1"]
[White "Troy"]
[Black "kokokinel"]
[Result "0-1"]
[WhiteElo "2184"]
[BlackElo "2084"]

1. c4 e6 2. g3 f5 3. Bg2 Nf6 4. Nf3 Be7 5. O-O O-O 6. d3 d6 7. Nc3 Nc6 8. Rb1 a6
9. b4 e5 10. b5 axb5 11. Rxb5 Qd7 12. Rb1 b6 13. Bd2 Kh8 14. Qc2 Bb7 15. c5 dxc5
16. Nxe5 Qe8 17. Nb5 Nxe5 18. Bxb7 Rb8 19. Bg2 Qd7 20. Bf4 Bd6 21. Na7 Nh5 22.
Bd2 f4 23. Bc3 f3 24. exf3 Nxf3+ 25. Bxf3 Rxf3 26. Nb5 Nf6 27. Kg2 Rf5 28. d4
cxd4 29. Nxd4 Rd5 30. Rbd1 Rh5 31. f3 Qh3+ 32. Kg1 Nd5 33. Nc6 Ne3 34. Qb2 Rg8
35. Rfe1 Rb5 36. Nb4 Nf5 37. a4 Bc5+ 0-1

[Event "AUTO-MASTER-2579"]
[Site "http://www.queenalice.com/game.php?id=1471714"]
[Date "2017.4.3"]
[Round "1"]
[White "CCapivara"]
[Black "Troy"]
[Result "0-1"]
[WhiteElo "2187"]
[BlackElo "2162"]

1. e4 c5 2. Nf3 Nc6 3. d4 cxd4 4. Nxd4 g6 5. Nc3 Bg7 6. Be3 Nf6 7. Be2 O-O 8.
Qd2 d5 9. O-O-O Nxd4 10. Bxd4 Nxe4 11. Nxe4 dxe4 12. Qc3 Bxd4 13. Rxd4 Qb6 14.
Rxe4 Bf5 15. Rc4 Rac8 16. Bd3 Rxc4 17. Bxc4 Rc8 18. Qb3 Qxf2 19. Bxf7+ Kf8 20.
Bc4 Qxg2 21. Rd1 Qxc2+ 22. Qxc2 Bxc2 23. Kxc2 Rxc4+ 24. Kb3 Rc7 25. Kb4 g5 26.
a4 Kf7 27. Kb5 h5 28. b4 Kf6 29. a5 Kf5 30. Rd5+ Kg4 31. Rc5 Rd7 32. Kc4 Kf4 33.
b5 e5 34. b6 axb6 35. axb6 Kf5 36. Rc7 Ke6 37. Rc8 e4 38. Re8+ Re7 39. Rg8 Kf6
40. Rf8+ Kg7 41. Rc8 g4 42. Rc7 Kf6 43. Kd4 h4 44. Rxe7 Kxe7 45. Kxe4 g3 46.
hxg3 hxg3 47. Kf3 Kd6 48. Kxg3 Kc6 49. Kf3 Kxb6 50. Ke3 Kc5 51. Kd3 Kb4 52. Kc2
Ka3 53. Kb1 Kb3 54. Ka1 b5 55. Kb1 b4 0-1

[Event "AUTO-MASTER-2579"]
[Site "http://www.queenalice.com/game.php?id=1471715"]
[Date "2017.4.3"]
[Round "1"]
[White "Troy"]
[Black "CCapivara"]
[Result "1-0"]
[WhiteElo "2148"]
[BlackElo "2209"]

1. Nf3 d5 2. g3 c5 3. Bg2 Nc6 4. d3 e5 5. Nbd2 f6 6. e4 Nge7 7. O-O Be6 8. Nh4
Qd7 9. f4 exf4 10. gxf4 Bg4 11. Bf3 h5 12. exd5 Nxd5 13. Re1+ Kf7 14. c3 Nxf4
15. Qb3+ Be6 16. Qa4 Nxd3 17. Rd1 g5 18. Ng2 Nde5 19. Be2 Qc7 20. Nf3 c4 21. Be3
Ng4 22. Bxc4 Bd6 23. Bxe6+ Kxe6 24. Qc4+ Ke7 25. Rxd6 Nxe3 26. Qe6+ Kf8 27.
Qxf6+ Kg8 28. Qxg5+ Kf8 29. Rf6+ Ke8 30. Qxe3+ Ne7 31. Re1 Rh7 32. Ng5 Rh8 33.
Re6 1-0

[Event "AUTO-MASTER-2607"]
[Site "http://www.queenalice.com/game.php?id=1483126"]
[Date "2017.6.21"]
[Round "1"]
[White "Matt24"]
[Black "Troy"]
[Result "1-0"]
[WhiteElo "2260"]
[BlackElo "2169"]

1. d4 g6 2. c4 Bg7 3. Nc3 d6 4. e4 e5 5. Nf3 Nc6 6. dxe5 Nxe5 7. Be2 Nxf3+ 8.
Bxf3 Ne7 9. Bg5 h6 10. Be3 O-O 11. c5 dxc5 12. Bxc5 Qxd1+ 13. Rxd1 Re8 14. Bxe7
Rxe7 15. Rd8+ Kh7 16. O-O Bxc3 17. bxc3 Re5 18. Bg4 1-0

[Event "AUTO-MASTER-2607"]
[Site "http://www.queenalice.com/game.php?id=1483127"]
[Date "2017.6.21"]
[Round "1"]
[White "Troy"]
[Black "Matt24"]
[Result "0-1"]
[WhiteElo "2169"]
[BlackElo "2278"]

1. c4 e5 2. g3 Nf6 3. Bg2 d5 4. cxd5 Nxd5 5. Nc3 Nb6 6. Nf3 Nc6 7. d3 Be7 8. a3
O-O 9. b4 Be6 10. b5 Nd4 11. Nxe5 Bb3 12. Qd2 Nc2+ 13. Kf1 Nxa1 14. Qb2 Bf6 15.
Ng4 Na4 16. Nxf6+ Qxf6 17. Nxa4 Bxa4 18. Qxf6 gxf6 19. Bb2 Nb3 0-1

[Event "AUTO-MASTER-2607"]
[Site "http://www.queenalice.com/game.php?id=1483142"]
[Date "2017.6.21"]
[Round "1"]
[White "SubRoger"]
[Black "Troy"]
[Result "1/2-1/2"]
[WhiteElo "2002"]
[BlackElo "2184"]

1. d4 g6 2. Bf4 Bg7 3. Nf3 d6 4. e3 Nd7 5. h3 e5 6. Bh2 Qe7 7. Be2 Ngf6 8. O-O
O-O 9. Nbd2 Nh5 10. c3 f5 11. Ne1 Nhf6 12. Nd3 Kh8 13. dxe5 dxe5 14. Nb4 Nc5 15.
Nb3 Rd8 16. Qc2 Nfe4 17. Rad1 Be6 18. Rxd8+ Rxd8 19. Rd1 Rxd1+ 20. Qxd1 Nxb3 21.
axb3 c6 22. Nd3 Bf7 23. b4 Nd6 24. Nc1 Nc4 25. Qc2 e4 26. Nb3 Ne5 27. Bxe5 Bxe5
28. Nc1 Qd7 29. Kf1 Kg8 30. Nb3 b6 31. Nd2 Kf8 32. Bc4 Bxc4+ 33. Nxc4 Bc7 34.
Nd2 Qd6 35. g3 Qd5 36. Ke2 c5 37. c4 Qe5 38. b5 Bd8 39. Nb1 Bf6 40. Nc3 Kf7 41.
h4 h6 42. Kd2 g5 43. hxg5 hxg5 44. b3 Bg7 45. Nd5 Bf8 46. Ke2 Qa1 47. Qd2 Qe5
1/2-1/2

[Event "AUTO-MASTER-2607"]
[Site "http://www.queenalice.com/game.php?id=1483143"]
[Date "2017.6.21"]
[Round "1"]
[White "Troy"]
[Black "SubRoger"]
[Result "1-0"]
[WhiteElo "2177"]
[BlackElo "2017"]

1. Nf3 d5 2. g3 f5 3. Bg2 e6 4. d4 Nf6 5. b3 Bd6 6. Ba3 O-O 7. O-O Qe7 8. Qc1
Nbd7 9. e3 Ne4 10. c4 Bxa3 11. Nxa3 c6 12. Nb1 Ndf6 13. Nfd2 Bd7 14. f3 Nxd2 15.
Nxd2 Rad8 16. Qc2 Rc8 17. e4 fxe4 18. fxe4 dxe4 19. Nxe4 Rce8 20. Rae1 Kh8 21.
Nd2 Qb4 22. Nf3 h6 23. Ne5 Bc8 24. Ng6+ Kg8 25. Nxf8 Rxf8 26. Re2 Bd7 27. Ref2
Nh7 28. Rxf8+ Nxf8 29. d5 exd5 30. cxd5 c5 31. Qf2 Qd4 32. Qxd4 cxd4 33. Rd1 b6
34. Rxd4 Ng6 35. Rd1 Bb5 36. d6 Ne5 37. Rd5 1-0

[Event "AUTO-MASTER-2607"]
[Site "http://www.queenalice.com/game.php?id=1483152"]
[Date "2017.6.21"]
[Round "1"]
[White "RobertD"]
[Black "Troy"]
[Result "0-1"]
[WhiteElo "2110"]
[BlackElo "2169"]

1. d4 g6 2. e4 Bg7 3. c3 d6 4. Nf3 Nf6 5. Bc4 Nxe4 6. O-O O-O 7. Bd3 Nf6 8. Bg5
Nbd7 9. Nbd2 c5 10. dxc5 dxc5 11. Re1 b6 12. Ne4 Bb7 13. Nxf6+ Nxf6 14. Bxf6
Bxf6 15. Re3 Qc7 16. h4 Rad8 17. Qf1 Bxf3 18. Rxf3 Bxh4 19. Rh3 Bf6 20. Re1 Rd5
21. Ree3 Rfd8 22. Be2 Rd2 23. f4 Rxb2 24. g4 Rdd2 25. Rh2 Rdc2 26. Qh3 Rc1+ 27.
Kf2 Qxf4+ 28. Rf3 Rxe2+ 29. Kxe2 Rc2+ 30. Kd3 Rxc3+ 31. Ke2 Qxh2+ 32. Qxh2 Rc2+
0-1

[Event "AUTO-MASTER-2607"]
[Site "http://www.queenalice.com/game.php?id=1483153"]
[Date "2017.6.21"]
[Round "1"]
[White "Troy"]
[Black "RobertD"]
[Result "1/2-1/2"]
[WhiteElo "2179"]
[BlackElo "2100"]

1. c4 g6 2. g3 Bg7 3. Bg2 Nc6 4. Nc3 Nf6 5. e4 e5 6. Nge2 O-O 7. O-O d6 8. f4
Bg4 9. f5 Nd4 10. h3 Bxe2 11. Nxe2 c5 12. g4 Nd7 13. d3 f6 14. Rb1 a5 15. b3 b6
16. Nxd4 exd4 17. a3 Ne5 18. Bf4 Qe7 19. Qd2 g5 20. Bxe5 Qxe5 21. b4 Rfb8 22.
Rb2 axb4 23. axb4 h6 24. Rfb1 Ra6 25. bxc5 dxc5 26. Rb5 Bf8 27. Bf1 Bd6 28. Qf2
Bc7 29. R5b2 Rba8 30. Rc1 Ra1 31. Rxa1 Rxa1 32. Ra2 Rxa2 33. Qxa2 Qg3+ 34. Qg2
Qxg2+ 35. Kxg2 Kf7 1/2-1/2

[Event "AUTO-MASTER-2636"]
[Site "http://www.queenalice.com/game.php?id=1493735"]
[Date "2017.9.9"]
[Round "1"]
[White "manasses"]
[Black "Troy"]
[Result "1/2-1/2"]
[WhiteElo "2211"]
[BlackElo "2180"]

1. d4 g6 2. c4 Bg7 3. Nc3 d6 4. e4 e5 5. d5 Nd7 6. Be3 Ne7 7. Qd2 f5 8. f4 exf4
9. Bxf4 Ne5 10. Be2 O-O 11. O-O-O Bd7 12. Nf3 Nxf3 13. Bxf3 b6 14. h3 Qe8 15. h4
Rb8 16. h5 b5 17. Bh6 Qf7 18. Bxg7 Qxg7 19. hxg6 hxg6 20. cxb5 Bxb5 21. Qh6 Bd7
22. Rh2 Qxh6+ 23. Rxh6 Kg7 24. Rdh1 Rh8 25. Rxh8 Rxh8 26. Rxh8 Kxh8 27. Kd2 Kg7
28. Kd3 fxe4+ 29. Bxe4 Kf6 30. b4 Ke5 31. a4 Bc8 32. g3 Bb7 33. Kc4 Ba6+ 34. b5
Bc8 35. Ne2 g5 36. Bg2 Bb7 37. Nc3 Bc8 38. a5 Bb7 39. Be4 Nf5 40. Bxf5 Kxf5 41.
Kd4 Kg4 42. Ne4 Bc8 43. Ke3 Bf5 44. b6 cxb6 45. axb6 axb6 46. Nxd6 Bd7 47. Nc4
Kxg3 48. Nxb6 Bf5 49. d6 Kh2 50. d7 Bxd7 51. Nxd7 g4 52. Ne5 g3 1/2-1/2

[Event "AUTO-MASTER-2636"]
[Site "http://www.queenalice.com/game.php?id=1493736"]
[Date "2017.9.9"]
[Round "1"]
[White "Troy"]
[Black "manasses"]
[Result "0-1"]
[WhiteElo "2179"]
[BlackElo "2201"]

1. c4 Nf6 2. g3 e6 3. Bg2 d5 4. Nf3 Be7 5. b3 O-O 6. O-O d4 7. Bb2 c5 8. e3 Nc6
9. exd4 cxd4 10. Re1 Qb6 11. d3 a5 12. Nbd2 Bd6 13. Ne4 Nxe4 14. Rxe4 e5 15. Ng5
Bf5 16. Re1 a4 17. Be4 Bxe4 18. Nxe4 Be7 19. Qc2 a3 20. Bc1 Nb4 21. Qd1 Qg6 22.
Qe2 f5 23. Nd2 Nc2 24. Qxe5 Nxe1 25. Qxe1 Bd6 26. Nf3 f4 27. Nxd4 fxg3 28. hxg3
Rae8 29. Qa5 Bxg3 30. Qd5+ Kh8 31. fxg3 Qxg3+ 32. Qg2 Re1# 0-1

[Event "AUTO-MASTER-2636"]
[Site "http://www.queenalice.com/game.php?id=1493753"]
[Date "2017.9.9"]
[Round "1"]
[White "Troy"]
[Black "miltonloviski"]
[Result "1-0"]
[WhiteElo "2169"]
[BlackElo "2033"]

1. Nf3 Nf6 2. g3 d6 3. Bg2 e5 4. d3 h6 5. Nbd2 a6 6. e4 Bg4 7. h3 Bxf3 8. Nxf3
Be7 9. O-O O-O 10. Nh4 Nh7 11. Nf5 Nf6 12. g4 Nh7 13. Be3 Nc6 14. Qd2 Bg5 15. f4
exf4 16. Bxf4 Ne5 17. Qf2 Ng6 18. Be3 Bxe3 19. Qxe3 Qg5 20. Qf2 Ne7 21. Qf4 Qxf4
22. Nxe7+ Kh8 23. Rxf4 Nf6 24. Nf5 Kh7 25. Ne3 c6 26. Nc4 Rad8 27. Raf1 Kg8 28.
Ne3 Rd7 29. R4f2 Ne8 30. Nc4 b5 31. Na5 c5 32. Nb3 Nc7 33. Nd2 f6 34. Nf3 Ne6
35. Nh4 Rdf7 36. Ng6 Re8 37. Nf4 Nd4 38. Ra1 Kh7 39. a4 Rb8 40. axb5 axb5 41. c3
Nc6 42. Ra6 Rc7 43. Rf1 Rbc8 44. Nd5 Rf7 45. Rfa1 Ne5 46. Bf1 Rd8 47. Ra7 Rxa7
48. Rxa7 Kg8 49. Rb7 c4 50. d4 Nd3 51. Bxd3 cxd3 52. Kf2 1-0

[Event "AUTO-MASTER-2636"]
[Site "http://www.queenalice.com/game.php?id=1493754"]
[Date "2017.9.9"]
[Round "1"]
[White "miltonloviski"]
[Black "Troy"]
[Result "1-0"]
[WhiteElo "2021"]
[BlackElo "2214"]

1. e4 c5 2. Nf3 Nc6 3. d4 cxd4 4. Nxd4 g6 5. c4 Nxd4 6. Qxd4 Nf6 7. Nc3 Bg7 8.
Be2 d6 9. Be3 O-O 10. Qd2 Be6 11. O-O Qa5 12. Rab1 a6 13. Rfc1 Rab8 14. f3 Rfc8
15. b3 Kf8 16. a4 Qb4 17. Kf2 Ne8 18. Nd5 Qxd2 19. Bxd2 Bxd5 20. cxd5 Nf6 21.
Rxc8+ Rxc8 22. Rc1 Rxc1 23. Bxc1 Nd7 24. Bd2 Bd4+ 25. Be3 Bxe3+ 26. Kxe3 Ke8 27.
Bc4 Ne5 28. Be2 Nd7 29. a5 h6 30. f4 Kd8 31. g4 Nc5 32. b4 Nd7 33. h4 Nf6 34.
Bf3 Nd7 35. Kd4 Kc7 36. e5 Nf8 37. Be4 Nd7 38. e6 fxe6 39. dxe6 Nf8 40. Kd5 b6
41. g5 hxg5 42. hxg5 1-0

[Event "AUTO-MASTER-2636"]
[Site "http://www.queenalice.com/game.php?id=1493755"]
[Date "2017.9.9"]
[Round "1"]
[White "Troy"]
[Black "AsterixTwin"]
[Result "0-1"]
[WhiteElo "2181"]
[BlackElo "2181"]

1. b3 d5 2. Bb2 Nf6 3. Nf3 e6 4. g3 c5 5. Bg2 Nc6 6. O-O Be7 7. d3 O-O 8. Nbd2
b6 9. c4 Bb7 10. Rc1 d4 11. Ne5 Qc7 12. Nef3 Rad8 13. a3 h6 14. Rb1 a5 15. Ne1
e5 16. Nc2 Nb8 17. Ba1 Bxg2 18. Kxg2 Nc6 19. Rb2 Nh7 20. Qb1 f5 21. b4 axb4 22.
axb4 Nxb4 23. Nxb4 cxb4 24. Nb3 Bc5 25. Ra2 Qc6+ 26. Kg1 Ra8 27. Rxa8 Rxa8 28.
Bb2 Ng5 29. Qc2 Nh3# 0-1

[Event "AUTO-MASTER-2636"]
[Site "http://www.queenalice.com/game.php?id=1493756"]
[Date "2017.9.9"]
[Round "1"]
[White "AsterixTwin"]
[Black "Troy"]
[Result "0-1"]
[WhiteElo "2174"]
[BlackElo "2168"]

1. e4 g6 2. d4 Bg7 3. Nf3 d6 4. Nc3 a6 5. a4 b6 6. Bd3 Bb7 7. O-O Nd7 8. Re1 e6
9. Bg5 Ne7 10. Qd2 h6 11. Be3 g5 12. Qe2 Ng6 13. e5 dxe5 14. Bxg6 fxg6 15. Nxe5
Nxe5 16. dxe5 O-O 17. h4 gxh4 18. Qg4 Qe7 19. Qxg6 Qf7 20. Qg4 Kh7 21. Qxh4 Qg6
22. g3 Rf5 0-1

[Event "AUTO-MASTER-2579"]
[Site "http://www.queenalice.com/game.php?id=1501025"]
[Date "2017.10.29"]
[Round "2"]
[White "Troy"]
[Black "alvm"]
[Result "1-0"]
[WhiteElo "2185"]
[BlackElo "2128"]

1. b3 e5 2. Bb2 Nc6 3. e3 d5 4. Bb5 Bd6 5. f4 Qe7 6. Nf3 Bg4 7. fxe5 Bxf3 8.
Qxf3 Bxe5 9. Bxe5 f6 10. Bb2 Qe6 11. O-O Ne7 12. Qh5+ g6 13. Qh4 O-O-O 14. Qxf6
Qe4 15. Bd3 Qg4 16. h3 Qg3 17. Qe6+ Kb8 18. Bxh8 Rxh8 19. Nc3 Rd8 20. Rf3 Qg5
21. Raf1 d4 22. Ne4 Qh6 23. Rf7 Nf5 24. exd4 Ncxd4 25. Qf6 Nc6 26. Ng5 Qh4 27.
Rxh7 Qg3 28. Rh8 Rc8 29. Rxc8+ Kxc8 30. Bxf5+ gxf5 31. Qxf5+ Kd8 32. Qf8+ 1-0

[Event "AUTO-MASTER-2579"]
[Site "http://www.queenalice.com/game.php?id=1501026"]
[Date "2017.10.29"]
[Round "2"]
[White "alvm"]
[Black "Troy"]
[Result "0-1"]
[WhiteElo "2179"]
[BlackElo "2203"]

1. d4 Nf6 2. c4 e5 3. Nc3 exd4 4. Qxd4 Nc6 5. Qd1 Bb4 6. Nf3 Ne4 7. Qc2 Nxc3 8.
bxc3 Bc5 9. Bf4 d6 10. e3 Bg4 11. Be2 Qe7 12. O-O Bh5 13. Rad1 Bg6 14. Qa4 O-O
15. Nd4 Ne5 16. Nb3 Bb6 17. c5 dxc5 18. Rd5 Nc6 19. Rfd1 h6 20. Rd7 Qf6 21. Bxc7
Bf5 22. Bxb6 axb6 23. Qf4 Bxd7 24. Rxd7 Qxf4 25. exf4 Rxa2 26. Bf1 Rb2 27. Nd2
Rd8 28. Rxd8+ Nxd8 29. Nc4 Rb1 30. g3 Nc6 31. Kg2 Na5 32. Nd6 Rc1 33. c4 Kf8 34.
Bd3 Rd1 35. Nxf7 Kxf7 36. Be4 Ke7 37. h4 Rc1 38. Bd5 Nxc4 39. Bxb7 b5 40. Kf3 b4
41. Bd5 b3 42. Bxc4 Rxc4 0-1

[Event "AUTO-MASTER-2579"]
[Site "http://www.queenalice.com/game.php?id=1501027"]
[Date "2017.10.29"]
[Round "2"]
[White "Troy"]
[Black "andrevillares"]
[Result "1-0"]
[WhiteElo "2195"]
[BlackElo "2048"]

1. c4 Nf6 2. g3 d5 3. cxd5 Qxd5 4. Nf3 Nc6 5. Nc3 Qd8 6. Bg2 e5 7. O-O Bc5 8. d3
O-O 9. Na4 Bd6 10. a3 Be6 11. b4 Nd4 12. Nxd4 exd4 13. Bxb7 Rb8 14. Bg2 Qd7 15.
Bd2 a5 16. Nc5 Bxc5 17. bxc5 Nd5 18. Qc2 a4 19. Rab1 f5 20. Rxb8 Rxb8 21. Rb1
Rf8 22. c6 Qd6 23. Qxa4 f4 24. Bb4 Nxb4 25. Rxb4 fxg3 26. hxg3 Bd5 27. Rxd4 Rb8
28. Bxd5+ Kh8 29. Ba2 Qh6 30. Rh4 Qc1+ 31. Kg2 Qc5 32. Qe4 h6 33. Qa4 Rb2 34.
Qa8+ Kh7 35. Bg8+ Kg6 36. Qe8+ Kf6 37. Qe6+ 1-0

[Event "AUTO-MASTER-2579"]
[Site "http://www.queenalice.com/game.php?id=1501028"]
[Date "2017.10.29"]
[Round "2"]
[White "andrevillares"]
[Black "Troy"]
[Result "0-1"]
[WhiteElo "2060"]
[BlackElo "2177"]

1. d4 g6 2. c4 Bg7 3. Nc3 d6 4. e4 e5 5. Nf3 Nc6 6. d5 Nce7 7. Be2 h6 8. O-O f5
9. Re1 Nf6 10. Nd2 f4 11. Bf3 g5 12. b4 g4 13. Be2 O-O 14. c5 Ng6 15. cxd6 cxd6
16. Ba3 h5 17. Nc4 b5 18. Nxb5 Nxe4 19. Bd3 Bf5 20. Bxe4 Bxe4 21. Rxe4 f3 22.
Nbxd6 fxg2 23. b5 Rf4 24. Rc1 Qh4 25. Qe2 Rxe4 26. Nxe4 Nf4 27. Qe3 Bh6 28. Nxe5
Nh3+ 29. Qxh3 gxh3 30. Rc6 Qxe4 31. Rg6+ Bg7 0-1